000 00606nam a2200229Ia 4500
003 OSt
005 20220928102010.0
006 a|||||r|||| 00| 0
007 ta
008 220927b |||||||| |||| 00| 0 eng d
024 _a108155
037 _cTextual
040 _aSDCL
_cSDCL
_beng
041 _2eng
_aeng
082 _a4:(P152), P6
100 _aChandra Kumar
_9396131
245 0 _aJan sanchar madhayamon men Hindi
260 _aNew Delhi
_bClassical Publishing
_c2006
300 _a136p.
_ccm.
942 _h4:(P152), P6
_cTEXL
_2CC
999 _c711841
_d711841